[Event "Turniej Przyjazni Polsko-Wegierskiej"]
[Site "Katowice"]
[Date "2018.05.05"]
[Round "6.20"]
[White "Acs, Gabor"]
[Black "Bednarek, Sylwester"]
[Result "1-0"]
[BlackElo "2343"]
[WhiteElo "2012"]
[LiveChessVersion "1.4.8"]

1. e4 {[%clk 0:15:17]} e6 {[%clk 0:15:18]} 2. d4 {[%clk 0:15:24]} d5
{[%clk 0:15:27]} 3. Nd2 {[%clk 0:15:32]} a6 {[%clk 0:15:35]} 4. Ngf3
{[%clk 0:15:38]} c5 {[%clk 0:15:43]} 5. c3 {[%clk 0:15:35]} cxd4 {[%clk 0:15:35]}
6. Nxd4 {[%clk 0:15:41]} e5 {[%clk 0:15:42]} 7. N4f3 {[%clk 0:15:40]} Nc6
{[%clk 0:14:54]} 8. exd5 {[%clk 0:15:42]} Qxd5 {[%clk 0:15:02]} 9. Bc4
{[%clk 0:15:50]} Qd7 {[%clk 0:14:06]} 10. O-O {[%clk 0:14:29]} Be7
{[%clk 0:13:25]} 11. Re1 {[%clk 0:14:02]} Bf6 {[%clk 0:13:31]} 12. Ne4
{[%clk 0:13:59]} Qxd1 {[%clk 0:13:35]} 13. Rxd1 {[%clk 0:14:07]} Be7
{[%clk 0:13:22]} 14. Nd6+ {[%clk 0:13:41]} Bxd6 {[%clk 0:13:30]} 15. Rxd6
{[%clk 0:13:50]} Ke7 {[%clk 0:13:12]} 16. Rd5 {[%clk 0:12:52]} Be6
{[%clk 0:12:05]} 17. Rc5 {[%clk 0:13:01]} Kd6 {[%clk 0:12:14]} 18. Be3
{[%clk 0:12:25]} Bxc4 {[%clk 0:11:16]} 19. Rxc4 {[%clk 0:12:33]} f6
{[%clk 0:11:16]} 20. Rd1+ {[%clk 0:12:40]} Ke6 {[%clk 0:11:25]} 21. Bc5
{[%clk 0:11:13]} Nge7 {[%clk 0:11:34]} 22. Rd6+ {[%clk 0:11:05]} Kf7
{[%clk 0:11:42]} 23. Bb6 {[%clk 0:10:22]} Ke8 {[%clk 0:11:07]} 24. Nd2
{[%clk 0:07:12]} Nf5 {[%clk 0:10:23]} 25. Rd3 {[%clk 0:07:06]} Ke7
{[%clk 0:09:36]} 26. Ne4 {[%clk 0:07:07]} h5 {[%clk 0:08:09]} 27. f3
{[%clk 0:05:44]} h4 {[%clk 0:06:54]} 28. g4 {[%clk 0:05:45]} hxg3
{[%clk 0:07:02]} 29. hxg3 {[%clk 0:05:54]} Rh3 {[%clk 0:07:10]} 30. g4
{[%clk 0:05:47]} Nh4 {[%clk 0:07:00]} 31. Bc5+ {[%clk 0:04:59]} Ke6
{[%clk 0:06:49]} 32. Rd6+ {[%clk 0:04:40]} Kf7 {[%clk 0:06:58]} 33. Rd7+
{[%clk 0:04:44]} Kg6 {[%clk 0:07:07]} 34. Bb6 {[%clk 0:03:22]} Nxf3+
{[%clk 0:06:03]} 35. Kg2 {[%clk 0:03:21]} Rah8 {[%clk 0:06:11]} 36. Ng3
{[%clk 0:02:43]} e4 {[%clk 0:03:19]} 37. Nh5 {[%clk 0:01:35]} R3xh5
{[%clk 0:01:29]} 38. gxh5+ {[%clk 0:01:43]} Rxh5 {[%clk 0:01:38]} 39. Rxe4
{[%clk 0:01:44]} Nce5 {[%clk 0:01:45]} 40. Rxb7 Rh2+ {[%clk 0:01:49]} 41. Kg3
{[%clk 0:01:39]} Rxb2 {[%clk 0:01:58]} 42. Rb4 {[%clk 0:01:39]} Rxa2 43. Bd4
{[%clk 0:01:41]} a5 {[%clk 0:02:02]} 44. Rb2 {[%clk 0:01:43]} Ra1
{[%clk 0:02:11]} 45. Kf4 {[%clk 0:01:36]} Nxd4 {[%clk 0:02:20]} 46. Rg2+
{[%clk 0:01:42]} Kh7 {[%clk 0:01:55]} 47. Rgxg7+ {[%clk 0:01:40]} Kh8
{[%clk 0:02:01]} 48. cxd4 {[%clk 0:01:41]} Rf1+ {[%clk 0:01:22]} 49. Ke4
{[%clk 0:01:44]} Re1+ {[%clk 0:01:23]} 50. Kf5 {[%clk 0:01:29]} Rf1+
{[%clk 0:01:31]} 51. Ke6 {[%clk 0:01:35]} Nc6 {[%clk 0:01:31]} 52. Rgd7
{[%clk 0:00:37]} Rg1 {[%clk 0:00:48]} 53. Rbc7 {[%clk 0:00:23]} Nb4
{[%clk 0:00:22]} 54. Rc8+ {[%clk 0:00:25]} Rg8 {[%clk 0:00:31]} 55. Rxg8+
{[%clk 0:00:29]} Kxg8 {[%clk 0:00:40]} 56. Kxf6 {[%clk 0:00:38]} a4
{[%clk 0:00:45]} 57. Ra7 {[%clk 0:00:38]} Nd5+ {[%clk 0:00:51]} 58. Ke5
{[%clk 0:00:43]} Nc3 {[%clk 0:01:00]} 59. d5 {[%clk 0:00:45]} Kf8
{[%clk 0:00:52]} 60. Ke6 {[%clk 0:00:53]} Ne4 {[%clk 0:00:49]} 61. Ra8+
{[%clk 0:00:47]} Kg7 {[%clk 0:00:58]} 62. d6 {[%clk 0:00:50]} Nc5+
{[%clk 0:01:04]} 63. Kd5 {[%clk 0:00:58]} Nd7 {[%clk 0:01:13]} 64. Ra7
{[%clk 0:01:07]} 1-0

[Event "Turniej Przyjazni Polsko-Wegierskiej"]
[Site "Katowice"]
[Date "2018.05.05"]
[Round "7.1"]
[White "Socko, Bartosz"]
[Black "Hnydiuk, Aleksander"]
[Result "0-1"]
[BlackElo "2408"]
[WhiteElo "2630"]
[LiveChessVersion "1.4.8"]

1. d4 {[%clk 0:15:08]} Nf6 {[%clk 0:15:18]} 2. c4 {[%clk 0:15:16]} c5
{[%clk 0:15:27]} 3. d5 {[%clk 0:15:22]} b5 {[%clk 0:15:36]} 4. cxb5 a6 5. e3
{[%clk 0:15:39]} axb5 {[%clk 0:14:41]} 6. Bxb5 {[%clk 0:15:47]} Qa5+
{[%clk 0:14:44]} 7. Nc3 {[%clk 0:15:55]} Bb7 {[%clk 0:14:52]} 8. Bd2
{[%clk 0:15:49]} Qb6 {[%clk 0:15:01]} 9. Bc4 {[%clk 0:11:24]} e6 {[%clk 0:14:58]}
10. e4 {[%clk 0:09:58]} Nxe4 {[%clk 0:14:52]} 11. Nge2 {[%clk 0:08:53]} Nxd2
{[%clk 0:10:22]} 12. Qxd2 {[%clk 0:09:02]} Be7 {[%clk 0:10:13]} 13. O-O
{[%clk 0:09:02]} O-O {[%clk 0:10:18]} 14. Rad1 {[%clk 0:08:44]} Na6
{[%clk 0:06:55]} 15. a3 {[%clk 0:08:53]} Bf6 {[%clk 0:05:41]} 16. b3
{[%clk 0:08:06]} Nc7 {[%clk 0:05:19]} 17. a4 {[%clk 0:05:02]} Rab8
{[%clk 0:03:31]} 18. Rb1 {[%clk 0:04:58]} Rfe8 {[%clk 0:03:06]} 19. d6
{[%clk 0:03:01]} Nd5 {[%clk 0:02:32]} 20. Ne4 {[%clk 0:03:09]} Bd8
{[%clk 0:02:34]} 21. Rfc1 {[%clk 0:02:39]} f5 {[%clk 0:02:17]} 22. Bxd5
{[%clk 0:02:03]} Bxd5 {[%clk 0:02:00]} 23. Nxc5 {[%clk 0:02:11]} Qxd6
{[%clk 0:02:08]} 24. b4 {[%clk 0:02:12]} Bc7 {[%clk 0:01:54]} 25. g3
{[%clk 0:02:09]} Red8 {[%clk 0:00:26]} 26. Nf4 {[%clk 0:01:41]} Ba8
{[%clk 0:00:20]} 27. Qxd6 {[%clk 0:01:47]} Bxd6 {[%clk 0:00:29]} 28. b5
{[%clk 0:01:48]} Kf7 {[%clk 0:00:13]} 29. a5 {[%clk 0:01:27]} Rdc8
{[%clk 0:00:22]} 30. Nfd3 {[%clk 0:01:37]} Be4 {[%clk 0:00:24]} 31. Nxe4
{[%clk 0:01:04]} fxe4 {[%clk 0:00:33]} 32. Rxc8 Rxc8 33. Nf4 {[%clk 0:00:48]} Rc2
{[%clk 0:00:35]} 34. b6 {[%clk 0:00:37]} Ra2 {[%clk 0:00:33]} 35. Rb5
{[%clk 0:00:36]} Ke7 {[%clk 0:00:31]} 36. h4 {[%clk 0:00:26]} Kd8
{[%clk 0:00:25]} 37. b7 {[%clk 0:00:26]} Bb8 {[%clk 0:00:31]} 38. Rc5
{[%clk 0:00:35]} Bc7 {[%clk 0:00:35]} 39. Nh5 {[%clk 0:00:42]} d6
{[%clk 0:00:17]} 40. Rb5 {[%clk 0:00:48]} Bb8 {[%clk 0:00:26]} 41. Nxg7
{[%clk 0:00:56]} Kd7 {[%clk 0:00:35]} 42. Nh5 {[%clk 0:00:56]} Kc6
{[%clk 0:00:29]} 43. Rb6+ {[%clk 0:00:54]} Kc7 {[%clk 0:00:38]} 44. Rb5
{[%clk 0:00:57]} Kc6 {[%clk 0:00:47]} 45. Rg5 {[%clk 0:00:52]} Kxb7
{[%clk 0:00:45]} 46. Rg7+ {[%clk 0:00:44]} Kc6 {[%clk 0:00:31]} 47. Rxh7
{[%clk 0:00:52]} d5 {[%clk 0:00:25]} 48. Nf6 {[%clk 0:00:42]} Be5
{[%clk 0:00:15]} 49. Rf7 {[%clk 0:00:47]} Rxa5 {[%clk 0:00:17]} 50. h5
{[%clk 0:00:54]} Ra8 {[%clk 0:00:14]} 51. g4 {[%clk 0:00:36]} Ra1+
{[%clk 0:00:11]} 52. Kg2 {[%clk 0:00:44]} Ra2 {[%clk 0:00:20]} 53. g5
{[%clk 0:00:34]} e3 {[%clk 0:00:29]} 54. Ng4 {[%clk 0:00:43]} Bd4
{[%clk 0:00:31]} 55. Nxe3 {[%clk 0:00:25]} Bxe3 {[%clk 0:00:39]} 56. g6
{[%clk 0:00:34]} Bh6 {[%clk 0:00:23]} 57. Rh7 {[%clk 0:00:41]} Be3
{[%clk 0:00:15]} 58. Rf7 {[%clk 0:00:26]} Bh6 {[%clk 0:00:23]} 59. Rh7
{[%clk 0:00:35]} Be3 {[%clk 0:00:31]} 60. Kf3 {[%clk 0:00:17]} Bd4
{[%clk 0:00:29]} 61. h6 {[%clk 0:00:17]} Rxf2+ {[%clk 0:00:35]} 62. Kg3
{[%clk 0:00:22]} Rf6 {[%clk 0:00:37]} 63. Rg7 Rf1 {[%clk 0:00:35]} 64. Rg8
{[%clk 0:00:34]} Rg1+ {[%clk 0:00:40]} 65. Kf3 {[%clk 0:00:41]} Kd7
{[%clk 0:00:37]} 66. g7 {[%clk 0:00:42]} Ke7 {[%clk 0:00:41]} 67. h7
{[%clk 0:00:51]} Rxg7 {[%clk 0:00:40]} 68. Re8+ {[%clk 0:00:46]} Kd7
{[%clk 0:00:31]} 69. Rd8+ {[%clk 0:00:21]} Kc6 {[%clk 0:00:39]} 70. h8=N
{[%clk 0:00:14]} Rg1 {[%clk 0:00:33]} 71. Rc8+ {[%clk 0:00:14]} Kd7
{[%clk 0:00:40]} 72. Ra8 {[%clk 0:00:21]} Bxh8 {[%clk 0:00:38]} 73. Rxh8
{[%clk 0:00:29]} Kd6 {[%clk 0:00:48]} 74. Ke3 {[%clk 0:00:37]} Rg3+
{[%clk 0:00:53]} 75. Kd2 {[%clk 0:00:46]} Rf3 {[%clk 0:00:58]} 76. Ke2
{[%clk 0:00:51]} Ra3 {[%clk 0:01:03]} 77. Rh6 {[%clk 0:00:55]} d4
{[%clk 0:01:04]} 78. Kd2 {[%clk 0:01:02]} Kd5 {[%clk 0:01:12]} 79. Rh2
{[%clk 0:01:05]} e5 {[%clk 0:01:17]} 80. Rh8 {[%clk 0:01:12]} Ra2+
{[%clk 0:01:25]} 81. Kd1 {[%clk 0:01:22]} e4 {[%clk 0:01:27]} 82. Rc8
{[%clk 0:01:10]} e3 {[%clk 0:01:34]} 83. Re8 {[%clk 0:01:15]} Kc4
{[%clk 0:01:40]} 84. Rb8 {[%clk 0:01:21]} Kd3 {[%clk 0:01:46]} 85. Rb3+ Ke4
{[%clk 0:01:29]} 86. Rb4 Kf3 {[%clk 0:01:29]} 87. Rb3 Kf2 {[%clk 0:01:29]} 0-1

[Event "Turniej Przyjazni Polsko-Wegierskiej"]
[Site "Katowice"]
[Date "2018.05.05"]
[Round "7.2"]
[White "Teclaf, Pawel"]
[Black "Lewicki, Miroslaw"]
[Result "1-0"]
[BlackElo "2294"]
[WhiteElo "2241"]
[LiveChessVersion "1.4.8"]

1. e4 {[%clk 0:15:18]} c5 {[%clk 0:15:18]} 2. Nf3 {[%clk 0:15:27]} d6
{[%clk 0:15:27]} 3. d4 {[%clk 0:15:36]} cxd4 {[%clk 0:15:35]} 4. Nxd4
{[%clk 0:15:44]} Nf6 {[%clk 0:15:41]} 5. Nc3 {[%clk 0:15:53]} a6 {[%clk 0:15:46]}
6. Bc4 {[%clk 0:16:02]} e6 {[%clk 0:15:35]} 7. Bb3 {[%clk 0:16:10]} Be7
{[%clk 0:15:41]} 8. f4 {[%clk 0:16:13]} Qc7 {[%clk 0:15:29]} 9. Qf3
{[%clk 0:15:21]} b5 {[%clk 0:14:57]} 10. a3 {[%clk 0:07:58]} Bb7 {[%clk 0:14:48]}
11. Be3 {[%clk 0:07:38]} Nbd7 {[%clk 0:14:26]} 12. f5 {[%clk 0:06:09]} e5
{[%clk 0:12:42]} 13. Nde2 {[%clk 0:06:18]} Nc5 {[%clk 0:11:53]} 14. Bxc5
{[%clk 0:05:57]} Qxc5 {[%clk 0:11:55]} 15. g4 {[%clk 0:05:21]} h6
{[%clk 0:10:00]} 16. h4 {[%clk 0:05:30]} h5 {[%clk 0:10:09]} 17. g5
{[%clk 0:05:08]} Ng4 {[%clk 0:10:17]} 18. Bd5 {[%clk 0:05:14]} Bxd5
{[%clk 0:08:59]} 19. Nxd5 {[%clk 0:05:23]} Qxc2 {[%clk 0:06:55]} 20. Rc1
{[%clk 0:05:01]} Qxb2 {[%clk 0:06:59]} 21. Nc7+ {[%clk 0:04:42]} Kd7
{[%clk 0:07:05]} 22. Nxa8 {[%clk 0:04:50]} Rxa8 {[%clk 0:07:13]} 23. Qd3
{[%clk 0:04:49]} Bd8 {[%clk 0:06:43]} 24. O-O {[%clk 0:04:04]} Bb6+
{[%clk 0:06:22]} 25. Kh1 {[%clk 0:04:10]} Ne3 {[%clk 0:01:55]} 26. Rfd1
{[%clk 0:04:01]} Nxd1 {[%clk 0:01:46]} 27. Qd5 {[%clk 0:04:10]} Nf2+
{[%clk 0:00:32]} 28. Kg2 {[%clk 0:04:20]} Qxe2 {[%clk 0:00:13]} 29. Qxf7+
{[%clk 0:02:43]} Kd8 {[%clk 0:00:22]} 30. Qf8+ {[%clk 0:02:52]} Kd7
{[%clk 0:00:32]} 31. Qxg7+ {[%clk 0:03:01]} Kd8 {[%clk 0:00:26]} 32. Qf8+
{[%clk 0:02:57]} Kd7 {[%clk 0:00:35]} 33. Qf7+ {[%clk 0:03:06]} Kd8
{[%clk 0:00:44]} 34. Qf6+ {[%clk 0:03:15]} Ke8 {[%clk 0:00:35]} 35. Qe6+
{[%clk 0:03:23]} Kf8 {[%clk 0:00:36]} 36. Qxd6+ {[%clk 0:03:31]} Kg7
{[%clk 0:00:14]} 37. Qh6+ {[%clk 0:03:17]} Kg8 {[%clk 0:00:12]} 38. Qe6+
{[%clk 0:03:24]} Kh7 {[%clk 0:00:12]} 39. Qe7+ {[%clk 0:02:52]} Kg8
{[%clk 0:00:16]} 40. Qe6+ {[%clk 0:02:28]} Kh7 {[%clk 0:00:24]} 41. Qf7+
{[%clk 0:01:57]} Kh8 {[%clk 0:00:32]} 42. Qf6+ {[%clk 0:02:06]} Kg8
{[%clk 0:00:35]} 43. Qe6+ {[%clk 0:01:57]} Kh7 {[%clk 0:00:44]} 44. Qd7+
{[%clk 0:01:49]} Kh8 {[%clk 0:00:40]} 45. Rc8+ {[%clk 0:01:58]} Rxc8
{[%clk 0:00:39]} 46. Qxc8+ {[%clk 0:02:07]} Kg7 {[%clk 0:00:48]} 47. f6+
{[%clk 0:02:12]} 1-0

[Event "Turniej Przyjazni Polsko-Wegierskiej"]
[Site "Katowice"]
[Date "2018.05.05"]
[Round "7.3"]
[White "Lewtak, Damian"]
[Black "Piorun, Kacper"]
[Result "0-1"]
[BlackElo "2639"]
[WhiteElo "2285"]
[LiveChessVersion "1.4.8"]

1. d4 {[%clk 0:15:18]} f5 {[%clk 0:15:17]} 2. g3 {[%clk 0:15:24]} Nf6
{[%clk 0:15:25]} 3. Bg2 {[%clk 0:15:32]} g6 {[%clk 0:15:33]} 4. h4
{[%clk 0:15:33]} d6 {[%clk 0:15:23]} 5. Nh3 {[%clk 0:15:36]} c6 {[%clk 0:14:55]}
6. c4 {[%clk 0:15:38]} Bg7 {[%clk 0:14:50]} 7. Nc3 {[%clk 0:15:44]} e5
{[%clk 0:14:40]} 8. dxe5 {[%clk 0:14:35]} dxe5 {[%clk 0:14:49]} 9. Qxd8+
{[%clk 0:14:43]} Kxd8 {[%clk 0:14:58]} 10. e4 {[%clk 0:14:52]} Be6
{[%clk 0:14:39]} 11. b3 {[%clk 0:15:01]} Nbd7 {[%clk 0:14:37]} 12. Ba3
{[%clk 0:14:05]} Bf8 {[%clk 0:14:32]} 13. Bxf8 {[%clk 0:13:47]} Rxf8
{[%clk 0:14:40]} 14. exf5 {[%clk 0:13:08]} gxf5 {[%clk 0:13:56]} 15. O-O-O
{[%clk 0:11:46]} Kc7 {[%clk 0:13:48]} 16. Rhe1 {[%clk 0:11:34]} Rae8
{[%clk 0:13:36]} 17. Rd2 {[%clk 0:10:56]} h6 {[%clk 0:12:48]} 18. Ng1
{[%clk 0:10:41]} Bf7 {[%clk 0:12:31]} 19. Bh3 {[%clk 0:09:50]} Bg6
{[%clk 0:12:39]} 20. Nf3 {[%clk 0:08:23]} Re7 {[%clk 0:11:14]} 21. b4
{[%clk 0:06:51]} Rfe8 {[%clk 0:10:26]} 22. c5 {[%clk 0:06:57]} b6
{[%clk 0:09:09]} 23. cxb6+ {[%clk 0:06:35]} Nxb6 {[%clk 0:09:05]} 24. h5
{[%clk 0:05:51]} Bh7 {[%clk 0:08:48]} 25. Rde2 {[%clk 0:05:45]} Nc4
{[%clk 0:07:57]} 26. Nh4 {[%clk 0:05:48]} Nd6 {[%clk 0:07:42]} 27. Nf3
{[%clk 0:04:18]} Nc4 {[%clk 0:04:29]} 28. Nh4 {[%clk 0:04:26]} Nd6
{[%clk 0:04:37]} 29. Nf3 {[%clk 0:04:35]} Nfe4 {[%clk 0:03:33]} 30. Nxe4
{[%clk 0:04:26]} fxe4 {[%clk 0:03:38]} 31. Nd2 {[%clk 0:03:56]} Rf8
{[%clk 0:02:53]} 32. Bg2 {[%clk 0:03:57]} Ref7 {[%clk 0:03:02]} 33. Bxe4
{[%clk 0:03:41]} Bxe4 {[%clk 0:02:51]} 34. Nxe4 {[%clk 0:03:49]} Nxe4
{[%clk 0:02:59]} 35. Rxe4 {[%clk 0:03:52]} Rxf2 {[%clk 0:03:08]} 36. Rxe5
{[%clk 0:02:12]} Rxa2 {[%clk 0:03:15]} 37. R5e2 {[%clk 0:00:57]} Rxe2
{[%clk 0:01:22]} 38. Rxe2 {[%clk 0:01:04]} Rf5 {[%clk 0:01:14]} 39. g4
{[%clk 0:00:28]} Rf4 {[%clk 0:01:23]} 40. Re6 {[%clk 0:00:19]} Rxg4
{[%clk 0:01:24]} 41. Rxh6 {[%clk 0:00:27]} Rxb4 {[%clk 0:01:32]} 42. Rh8
{[%clk 0:00:35]} Rh4 {[%clk 0:01:03]} 43. h6 {[%clk 0:00:43]} Rh2
{[%clk 0:00:50]} 44. Kb1 {[%clk 0:00:18]} Kb7 {[%clk 0:00:59]} 45. h7
{[%clk 0:00:23]} a6 {[%clk 0:00:50]} 46. Kc1 {[%clk 0:00:30]} a5 {[%clk 0:00:46]}
47. Kb1 {[%clk 0:00:38]} c5 {[%clk 0:00:43]} 48. Kc1 {[%clk 0:00:40]} a4
{[%clk 0:00:32]} 49. Rg8 {[%clk 0:00:19]} Rxh7 {[%clk 0:00:33]} 50. Rg4
{[%clk 0:00:27]} a3 {[%clk 0:00:25]} 51. Ra4 {[%clk 0:00:34]} Rh3
{[%clk 0:00:27]} 52. Kc2 {[%clk 0:00:37]} Kb6 {[%clk 0:00:36]} 53. Ra8
{[%clk 0:00:36]} Kb5 {[%clk 0:00:45]} 54. Kb1 {[%clk 0:00:33]} Kb4
{[%clk 0:00:40]} 55. Rb8+ Kc3 {[%clk 0:00:39]} 56. Ka2 {[%clk 0:00:38]} c4
{[%clk 0:00:17]} 57. Kxa3 {[%clk 0:00:11]} Kd2+ {[%clk 0:00:26]} 58. Ka2
{[%clk 0:00:17]} c3 {[%clk 0:00:32]} 59. Rg8 {[%clk 0:00:25]} c2 {[%clk 0:00:29]}
60. Rg2+ {[%clk 0:00:30]} Kc3 {[%clk 0:00:38]} 61. Rg8 {[%clk 0:00:31]} Rh1
{[%clk 0:00:27]} 62. Rc8+ {[%clk 0:00:21]} Kd3 {[%clk 0:00:36]} 63. Kb2
{[%clk 0:00:25]} Rb1+ {[%clk 0:00:41]} 64. Ka2 {[%clk 0:00:34]} c1=R
{[%clk 0:00:46]} 0-1

[Event "Turniej Przyjazni Polsko-Wegierskiej"]
[Site "Katowice"]
[Date "2018.05.05"]
[Round "7.4"]
[White "Pakleza, Zbigniew"]
[Black "Piesik, Piotr"]
[Result "1-0"]
[BlackElo "2341"]
[WhiteElo "2549"]
[LiveChessVersion "1.4.8"]

1. d4 {[%clk 0:14:01]} Nf6 {[%clk 0:15:16]} 2. Bf4 {[%clk 0:14:10]} d6
{[%clk 0:15:20]} 3. e3 {[%clk 0:14:18]} g6 {[%clk 0:15:27]} 4. h3
{[%clk 0:14:27]} Bg7 {[%clk 0:15:36]} 5. Nf3 {[%clk 0:14:34]} O-O
{[%clk 0:15:44]} 6. Be2 {[%clk 0:14:40]} Nbd7 {[%clk 0:15:53]} 7. O-O
{[%clk 0:14:48]} Qe8 {[%clk 0:16:01]} 8. Bh2 {[%clk 0:14:57]} e5 {[%clk 0:16:10]}
9. c4 {[%clk 0:15:05]} b6 {[%clk 0:16:05]} 10. Nc3 {[%clk 0:15:12]} Qe7
{[%clk 0:16:09]} 11. Rc1 {[%clk 0:15:14]} Bb7 {[%clk 0:16:17]} 12. Nd2
{[%clk 0:15:22]} Rfe8 {[%clk 0:16:04]} 13. Bf3 {[%clk 0:15:12]} e4
{[%clk 0:15:35]} 14. Be2 {[%clk 0:15:21]} a6 {[%clk 0:15:21]} 15. b4
{[%clk 0:15:28]} c5 {[%clk 0:15:11]} 16. bxc5 {[%clk 0:15:34]} dxc5
{[%clk 0:15:19]} 17. d5 {[%clk 0:15:36]} Ne5 {[%clk 0:11:58]} 18. Ncxe4
{[%clk 0:12:27]} Nxe4 {[%clk 0:11:56]} 19. Nxe4 {[%clk 0:12:36]} f5
{[%clk 0:11:59]} 20. Nc3 {[%clk 0:12:09]} Red8 {[%clk 0:11:26]} 21. a4
{[%clk 0:12:14]} Rd6 {[%clk 0:11:19]} 22. Rb1 {[%clk 0:12:01]} Rf8
{[%clk 0:11:18]} 23. Re1 {[%clk 0:11:56]} g5 {[%clk 0:11:22]} 24. a5
{[%clk 0:11:33]} bxa5 {[%clk 0:11:22]} 25. Na4 {[%clk 0:11:35]} Rd7
{[%clk 0:10:26]} 26. Rb6 {[%clk 0:11:27]} Rf6 {[%clk 0:10:03]} 27. Bxe5
{[%clk 0:10:36]} Qxe5 {[%clk 0:10:00]} 28. Nxc5 {[%clk 0:10:34]} Rc7
{[%clk 0:10:02]} 29. Rxf6 {[%clk 0:09:29]} Bxf6 {[%clk 0:10:08]} 30. Nxb7
{[%clk 0:09:38]} Rxb7 {[%clk 0:10:17]} 31. c5 {[%clk 0:06:20]} Rc7
{[%clk 0:09:41]} 32. c6 {[%clk 0:05:15]} Be7 {[%clk 0:09:45]} 33. Qd4
{[%clk 0:04:29]} Qxd4 {[%clk 0:09:52]} 34. exd4 {[%clk 0:04:38]} a4
{[%clk 0:10:01]} 35. Bc4 {[%clk 0:03:32]} Kf8 {[%clk 0:09:55]} 36. Re6
{[%clk 0:03:04]} Bd8 {[%clk 0:09:55]} 37. Kf1 {[%clk 0:02:04]} a3
{[%clk 0:09:52]} 38. Ke2 {[%clk 0:02:13]} Re7 {[%clk 0:09:45]} 39. d6
{[%clk 0:02:13]} Ra7 {[%clk 0:09:30]} 40. Kd3 {[%clk 0:02:03]} a5
{[%clk 0:09:31]} 41. Re5 {[%clk 0:01:56]} f4 {[%clk 0:09:20]} 42. Rc5
{[%clk 0:02:02]} Bb6 {[%clk 0:09:18]} 43. c7 {[%clk 0:02:09]} 1-0

[Event "Turniej Przyjazni Polsko-Wegierskiej"]
[Site "Katowice"]
[Date "2018.05.05"]
[Round "7.5"]
[White "Walter, Szymon"]
[Black "Klekowski, Maciej"]
[Result "0-1"]
[BlackElo "2536"]
[WhiteElo "2132"]
[LiveChessVersion "1.4.8"]

1. e4 {[%clk 0:15:17]} c5 {[%clk 0:15:18]} 2. Nf3 {[%clk 0:15:24]} Nc6
{[%clk 0:15:27]} 3. d4 {[%clk 0:15:30]} cxd4 {[%clk 0:15:36]} 4. Nxd4
{[%clk 0:15:36]} e6 {[%clk 0:15:41]} 5. Nc3 {[%clk 0:15:40]} a6 {[%clk 0:15:49]}
6. Nxc6 {[%clk 0:15:29]} bxc6 {[%clk 0:15:58]} 7. Bd3 {[%clk 0:15:37]} d5
{[%clk 0:16:05]} 8. O-O {[%clk 0:15:41]} Nf6 {[%clk 0:16:14]} 9. Re1
{[%clk 0:15:37]} Bb7 {[%clk 0:16:18]} 10. Bf4 {[%clk 0:15:33]} Be7
{[%clk 0:16:21]} 11. Qf3 {[%clk 0:15:26]} O-O {[%clk 0:15:59]} 12. Qh3
{[%clk 0:14:36]} g6 {[%clk 0:15:43]} 13. Rad1 {[%clk 0:14:14]} Nd7
{[%clk 0:15:34]} 14. Na4 {[%clk 0:10:07]} Re8 {[%clk 0:14:01]} 15. e5
{[%clk 0:09:50]} c5 {[%clk 0:13:26]} 16. c4 {[%clk 0:09:57]} d4 {[%clk 0:13:34]}
17. b3 {[%clk 0:09:57]} Bc6 {[%clk 0:13:07]} 18. Nb2 {[%clk 0:09:52]} Qa5
{[%clk 0:12:59]} 19. Bb1 {[%clk 0:09:45]} Bf8 {[%clk 0:12:40]} 20. Qg3
{[%clk 0:09:30]} Bg7 {[%clk 0:12:19]} 21. h4 {[%clk 0:09:38]} Qc7
{[%clk 0:11:40]} 22. h5 {[%clk 0:09:27]} a5 {[%clk 0:11:44]} 23. Be4
{[%clk 0:05:39]} Nb6 {[%clk 0:11:48]} 24. Nd3 {[%clk 0:05:02]} Bxe4
{[%clk 0:11:07]} 25. Rxe4 {[%clk 0:05:11]} a4 {[%clk 0:07:42]} 26. Bg5
{[%clk 0:04:01]} axb3 {[%clk 0:07:46]} 27. axb3 {[%clk 0:04:09]} Ra3
{[%clk 0:07:44]} 28. hxg6 {[%clk 0:03:42]} fxg6 {[%clk 0:07:48]} 29. Bf6
{[%clk 0:02:40]} Rxb3 {[%clk 0:07:42]} 30. Bxg7 {[%clk 0:02:28]} Kxg7
{[%clk 0:07:32]} 31. Qg5 {[%clk 0:02:33]} Kg8 {[%clk 0:03:46]} 32. Qf6
{[%clk 0:00:49]} Nd7 {[%clk 0:03:33]} 33. Qg5 {[%clk 0:00:55]} Qd8
{[%clk 0:03:36]} 34. Qh6 {[%clk 0:00:56]} Qe7 {[%clk 0:03:36]} 35. Nf4
{[%clk 0:00:55]} Qf7 {[%clk 0:03:05]} 36. Nh3 {[%clk 0:00:27]} Qg7
{[%clk 0:03:13]} 37. Qg5 {[%clk 0:00:34]} h6 {[%clk 0:03:06]} 38. Qd2
{[%clk 0:00:27]} Nb6 {[%clk 0:01:36]} 39. Qa2 {[%clk 0:00:20]} Rb4
{[%clk 0:01:08]} 40. Qa6 {[%clk 0:00:17]} Ra8 {[%clk 0:01:00]} 0-1